000 00693nam a2200193 i 4500
001 20774
003 ES-MaACL
005 20250807063205.0
007 t|
008 021118s1968 sp ||||1| spa d
100 1 _aAisa Garin, Carlos
_918992
245 1 3 _aEl concepto de Ius singulare en Derecho romano /
_cautore carolo Aisa Garín.
260 _aJaca :
_b[s.n.,
_c1968] (
_eZaragoza :
_fEl Noticiero)
300 _a128 p. ;
_c24 cm.
500 _aPrecede al tít.: Pontificia Univeritas Gregoriana. Facultas Iuris Canonici.
710 2 _aPontificia Universitas Gregoriana.
_bFacultas Iuris Canonici.
_96236
852 _aES-MaACL
_jC-45529
_bR.66954
999 _c20774
_d20774